MARC

LEADER 00000nab a2200000 a 4500
001 vtls001023426
003 SK-MaSNL
005 20260304225244.0
008 140301e19970203xo 0 slo
035 |a SL2004 
040 |a SLLK  |b slo  |c SLLK  |e AACR2 
041 0 |a slo 
044 |a xo  |c SK 
080 |a 502  |2 1981 
080 |a 620.9  |2 1981 
245 0 0 |a Svet úspor energií  |c [autor] (pal) 
610 2 7 |a Okresná knižnica (Stará Ľubovňa, Slovensko)  |2 SLLK  |9 59183 
610 2 7 |a Magurská knižnica (Stará Ľubovňa, Slovensko)  |2 SLLK  |9 59278 
610 2 7 |a Pčola (Stará Ľubovňa, Slovensko)  |2 snkbucl  |9 92267 
611 1 7 |a Svet úspor energií (výstava)  |2 SLLK  |9 1023588 
650 0 7 |a životné prostredie  |2 SLLK  |9 786 
651 7 |a Stará Ľubovňa (Slovensko)  |2 SLLK  |9 19193 
773 0 8 |t Hospodárske noviny, č.22, 3.2.1997, s. 2 
852 |a ZVYKNI  |b KIS3GCP 
999 |c 3176507  |d 3178437